Дело о выдаче денежного пособия чинам учреждения на счет остатков от сметы 1884 года, а также назначенной по смете в награду 140...

Доступно только в Электронных читальных залах Найти на картеНа карте
RUSMARC
00003607nmc2a2200000 x 450
0013c957816-32e9-4111-b04a-6e91e532467a
00520160104224510.0
100##$a20150217l18841884k l0rusy0189 ca
1010#$arus
102##$aRU
2001#$aДело о выдаче денежного пособия чинам учреждения на счет остатков от сметы 1884 года, а также назначенной по смете в награду 14000 рублей; о числе утвержденных в каждом году выкупных сделок и актов и о количестве разрешенной выкупной ссуды
$j21 декабря 1884 г.
251##$cДело
300##$aДело
801#0$aRU
$bРГИА
$c20150217
$gRCR
801#1$aRU
$bГлавНИВЦ
$c20150217
$2rusmarc
801#2$aRU
$bПБ им. Б.Н. Ельцина
$c20160104
$gRCR
$2rusmarc
850##$aРГИА
852##$aРГИА
$eФедеральное казенное учреждение "Российский государственный исторический архив" (РГИА)
$j181
937##$hРГИА
$d11187824
$aASBIBLIO_SCAN
462#0$10013826a62a-52d3-408e-b545-2019664385f0
$12001
$a1861-1895 гг.
$1251
$cОпись
$1852
$j50
461#0$10018ef30ad5-ff5c-4840-a721-74c62a200f95
$12001
$aГлавное выкупное учреждение Министерства финансов
$1251
$cФонд
$1852
$j577
215##$a23 л.
$d36,5х26 см
371##$aДокумент не является опубликованным и широко распространяемым
105##$ay###
1220#$ad
035##$a3c957816-32e9-4111-b04a-6e91e532467a
Формат отображения